| 000 | 01111nam a2200301 i 4500 | ||
|---|---|---|---|
| 001 | 000027451 | ||
| 003 | DO-SdBNP | ||
| 005 | 20250724085430.0 | ||
| 007 | ta | ||
| 008 | 110331s1998 dr a 000 | spa d | ||
| 020 | _a8484002721 | ||
| 040 |
_aDO-SdBNP _bspa _cBNPHU _erda |
||
| 041 | _aspa | ||
| 082 | 4 |
_axxx _bA473L _222 |
|
| 100 | 1 |
_aAlvarez Santana, Fermín, _d1948- _eautor _4aut. _938759 |
|
| 245 | 1 | 4 |
_aLos llanos del Guabatico / _cFermín Alvarez Santana ; prólogo, Pericles Tavárez. |
| 264 | 4 |
_aSanto Domingo : _bEditora Taller, _c©1998. |
|
| 300 |
_a129 páginas : _bilustraciones ; _c21 cm. |
||
| 336 |
_atexto _btxt _2rdacontent |
||
| 337 |
_asin mediación _bn _2rdamedia |
||
| 338 |
_avolumen _bn _2rdacarrier |
||
| 500 | _aUna publicación del Ayuntamiento de San José de los Llanos, cuatrienio 1994-1998. | ||
| 500 | _aIncluye referencias bibliográficas y notas al pie de las páginas. | ||
| 500 | _aIncluye datos biográficos del autor en la solapa de la cubierta. | ||
| 590 | _aInventariado, 2020 /LP | ||
| 700 | 1 |
_aTavárez, Pericles, _eprologuista _4pr. _937160 |
|
| 942 |
_2ddc _cLBS1 |
||
| 999 |
_c26943 _d26943 |
||